|
|
|
|
| LEADER |
00681nam a2200205Ia 4500 |
| 001 |
CTU_83654 |
| 008 |
210402s9999 xx 000 0 und d |
| 082 |
|
|
|a 338.8
|
| 082 |
|
|
|b O.68
|
| 110 |
|
|
|a Organisation for Economic Co-operation and Development
|
| 245 |
|
4 |
|a The Costs of restricting imports :
|
| 245 |
|
4 |
|b The automobile industry
|
| 245 |
|
0 |
|c Organisation for Economic Co-operation and Development
|
| 260 |
|
|
|a Paris
|
| 260 |
|
|
|b Organisation for Economic Co-operation and Development
|
| 260 |
|
|
|c 1987
|
| 650 |
|
|
|a Automobile industry and trade
|
| 650 |
|
|
|x Import quotas
|
| 904 |
|
|
|i QHieu(sửa)
|
| 980 |
|
|
|a Trung tâm Học liệu Trường Đại học Cần Thơ
|